| 000 | 00488nam a2200169 i 4500 | ||
|---|---|---|---|
| 001 | 70388 | ||
| 003 | ES-MaACL | ||
| 005 | 20231228063203.0 | ||
| 007 | t| | ||
| 008 | 040722s1906 sp ||||1| spa d | ||
| 100 | 1 |
_aGarcía Sanchiz, Federico, _d1886-1964 _955269 |
|
| 245 | 1 | 0 |
_aPor tierra fragosa... / _cFederico García Sanhiz. |
| 260 |
_aValencia : _b[s.n., _c1906] ( _fImp. Domenech) |
||
| 300 |
_a98 p. ; _c19 cm. |
||
| 852 |
_aES-MaACL _jF-8794 |
||
| 999 |
_c70388 _d70388 |
||